000 00279nam a22001337a 4500
008 181025b xxu||||| |||| 00| 0 eng d
020 _a9780077727956
041 _aeng
080 _a541
100 _a12
101 _akim
245 _aChemistry
_cSilberg .p
942 _2udc
_cBK
999 _c50888
_d50888